|
|
|
|
| LEADER |
00000cam a2200000 i 4500 |
| 001 |
1/20621 |
| 008 |
120615s2009 gr | ||| |||| ||gre|| |
| 035 |
|
|
|l 10112737
|
| 040 |
|
|
|a GR-MY-UA
|b gre
|e aacr
|
| 041 |
0 |
|
|a gre
|
| 082 |
0 |
|
|a 363.7071
|2 (22)
|
| 110 |
2 |
|
|a Νομαρχιακή Αυτοδιοίκηση Χίου.
|
| 245 |
1 |
2 |
|a Η περιβαλλοντική αγωγή στη Χίο /
|c επιμέλεια Κώστας Βούκουνας
|
| 260 |
|
|
|a Χίος :
|b Πυξίδα,
|c 2009
|
| 300 |
|
|
|a 195 σ.;
|b εικ., φωτ. ;
|c 26 εκ.
|
| 650 |
|
0 |
|a Environmental education
|z Greece
|z Chios (Municipality)
|
| 700 |
1 |
|
|a Βούκουνας, Κωνσταντίνος.
|4 edt
|
| 852 |
|
|
|a INST
|b CHIOS
|e 20120615
|h 363.7071 ΠΕΡ
|p 005200032868
|q 005200032868
|t BK
|y 0
|
| 901 |
|
|
|a BIBL2-2012-2
|
| 909 |
|
|
|a Χ
|b 169183
|
| 970 |
|
|
|a ΣΠΕΝΤΖΑ
|b ΕΛΕΝΗ
|z 2012/06/15
|